Statistics for Rank MLB Teams by Total Playoff Wins

Click here to take the quiz!

General Stats

  • This quiz has been taken 98 times
  • The average score is 20 of 30

Answer Stats

GPWAnswer% Correct
1423244New York Yankees
100%
2262134St. Louis Cardinals
95%
3273129Los Angeles Dodgers
91%
4200108Boston Red Sox
86%
5205101Atlanta Braves
81%
6195100San Francisco Giants
78%
716785Oakland Athletics
76%
814877Houston Astros
71%
1012060Philadelphia Phillies
71%
911860Cleveland Guardians
69%
1512347Chicago Cubs
67%
149749Cincinnati Reds
66%
1112057Detroit Tigers
66%
139252New York Mets
66%
129854Baltimore Orioles
62%
206230Chicago White Sox
62%
284018Arizona Diamondbacks
60%
302410Colorado Rockies
60%
177440Kansas City Royals
60%
169743Pittsburgh Pirates
60%
293917Seattle Mariners
60%
188933Minnesota Twins
59%
216228Tampa Bay Rays
59%
233824Miami Marlins
57%
265221Texas Rangers
57%
196531Toronto Blue Jays
57%
244624Washington Nationals
57%
254921Milwaukee Brewers
53%
275220San Diego Padres
53%
226427Los Angeles Angels
50%

Score Distribution

Percentile by Number Answered

Percent of People with Each Score

Your Score History

You have not taken this quiz